Quy hoạch giao thông đô thị bền vững

Tổng quan về quy hoạch giao thông đô thị bền vững. Các quan điểm về giao thông đô thị bền vững. Hệ thống chỉ tiêu và tiêu chí quy hoạch giao thông đô thị bền vững

Enregistré dans:
Détails bibliographiques
Auteur principal: Lưu Đức Hải (Chủ biên)
Autres auteurs: Đinh Quốc Thái
Format: Livre
Langue:Vietnamese
Publié: H. Xây Dựng 2013
Sujets:
Tags: Ajouter un tag
Pas de tags, Soyez le premier à ajouter un tag!
Thư viện lưu trữ: Thư viện Trường Đại học Nam Cần Thơ
LEADER 01528aam a22002418a 4500
001 NCT_25207
008 100322s2010 ||||||viesd
999 |c 1198  |d 1198 
020 |c 135000 
082 0 4 |2 23rd ed.  |a 388.4  |b H103 
100 1 |a Lưu Đức Hải  |e Chủ biên 
245 1 0 |a Quy hoạch giao thông đô thị bền vững  |c Lưu Đức Hải (chủ biên), Đinh Quốc Thái 
260 |a H.  |b Xây Dựng  |c 2013 
300 |a 118tr.   |b minh hoạ  |c 27cm 
520 3 |a Tổng quan về quy hoạch giao thông đô thị bền vững. Các quan điểm về giao thông đô thị bền vững. Hệ thống chỉ tiêu và tiêu chí quy hoạch giao thông đô thị bền vững 
653 |a Kỹ thuật công trình xây dựng 
700 1 |a Đinh Quốc Thái 
942 |2 ddc  |c BK 
952 |0 0  |1 0  |2 ddc  |4 0  |6 388_400000000000000_H103  |7 0  |9 8889  |a 000001  |b 000001  |d 2018-05-26  |o 388.4 H103  |p MD.08267  |r 2018-05-26  |v 135000.00  |w 2018-05-26  |y BK 
952 |0 0  |1 0  |2 ddc  |4 0  |6 388_400000000000000_H103  |7 0  |9 8890  |a 000001  |b 000001  |d 2018-05-26  |o 388.4 H103  |p MD.08268  |r 2018-05-26  |v 135000.00  |w 2018-05-26  |y BK 
952 |0 0  |1 0  |2 ddc  |4 0  |6 388_400000000000000_H103  |7 0  |9 8891  |a 000001  |b 000001  |d 2018-05-26  |o 388.4 H103  |p MD.08269  |r 2018-05-26  |v 135000.00  |w 2018-05-26  |y BK 
952 |0 0  |1 0  |2 ddc  |4 0  |6 388_400000000000000_H103  |7 0  |9 8892  |a 000001  |b 000001  |d 2018-05-26  |o 388.4 H103  |p MD.08087  |r 2018-05-26  |v 135000.00  |w 2018-05-26  |y BK 
980 |a Thư viện Trường Đại học Nam Cần Thơ